Cities in the European Union With a Population Over 1 Million - Statistics

General Stats
  • This quiz has been taken 89 times
  • The average score is 15 of 15
Answer Stats
Country Population City % Correct
Spain 1,620,343 Barcelona
100%
Germany 3,669,495 Berlin
100%
Hungary 1,752,286 Budapest
100%
Spain 3,348,536 Madrid
100%
Italy 2,856,133 Rome
100%
Austria 1,921,153 Vienna
100%
Poland 1,793,579 Warsaw
100%
Romania 2,155,240 Bucharest
99%
France 2,140,526 Paris
99%
Czechia 1,324,277 Prague
98%
Bulgaria 1,241,675 Sofia
98%
Italy 1,404,239 Milan
96%
Germany 1,558,395 Munich
96%
Germany 1,899,160 Hamburg
94%
Germany 1,085,664 Cologne
85%
No matching quizzes found
Score Distribution
Percent of People with Each Score
Percentile by Number Answered
Your Score History
You have not taken this quiz